Pokemon Natures - Statistics

General Stats
  • This quiz has been taken 84 times
  • The average score is 12 of 20
Answer Stats
Raises Lowers Nature % Correct
Attack Special Attack Adamant
93%
Special Attack Attack Modest
83%
Defence Attack Bold
76%
Attack Speed Brave
74%
Attack Defence Lonely
70%
Speed Special Attack Jolly
67%
Speed Attack Timid
67%
Special Defence Attack Calm
65%
Attack Special Defence Naughty
65%
Defence Special Defence Lax
63%
Speed Defence Hasty
61%
Defence Speed Relaxed
57%
Defence Special Attack Impish
54%
Speed Special Defence Naive
52%
Special Attack Speed Quiet
52%
Special Attack Defence Mild
50%
Special Attack Special Defence Rash
50%
Special Defence Defence Gentle
46%
Special Defence Special Attack Careful
43%
Special Defence Speed Sassy
43%
No matching quizzes found
Score Distribution
Percent of People with Each Score
Percentile by Number Answered
Your Score History
You have not taken this quiz